[Event "EU-Cup 20th"]
[Site "Izmir"]
[Date "2004.10.03"]
[Round "1.1"]
[White "Khalifman, Alexander"]
[Black "Yrjola, Jouni"]
[Result "1-0"]
[WhiteElo "2669"]
[BlackElo "2414"]
[Annotator "Stohl,I"]
[PlyCount "67"]
[EventDate "2004.10.03"]
[EventType "team-swiss"]
[EventRounds "7"]
[EventCountry "TUR"]
[SourceTitle "CBM 104"]
[Source "ChessBase"]
[SourceDate "2005.01.27"]
[SourceVersion "1"]
[SourceVersionDate "2005.01.27"]
[SourceQuality "1"]
[WhiteTeam "Tomsk 400"]
[BlackTeam "Helsinki"]
[WhiteTeamCountry "RUS"]
[BlackTeamCountry "FIN"]

1. d4 Nf6 2. c4 g6 3. Nf3 Bg7 4. g3 O-O 5. Bg2 c5 6. O-O Nc6 7. Nc3 d6 8. dxc5
dxc5 9. Be3 Be6 (9... Qa5 10. Qb3 $5 $14) 10. Qa4 (10. Bxc5 Qa5 11. Ba3 Bxc4
12. Nd4 Nxd4 13. Qxd4 Rac8 14. Qf4 Nh5 15. Qe3 Bxc3 16. Qxc3 Qxc3 17. bxc3 Rc7
$11) 10... Nd4 {The most usual and natural move.} (10... Qb6 11. Qb5 $36) ({
The symmetric} 10... Qa5 {is already insufficient for equality:} 11. Qxa5 (11.
Nd2 Qb4 $5) 11... Nxa5 12. Bxc5 Nxc4 (12... Bxc4 13. Ne5 $36) (12... Nd7 13.
Bd4 Bxc4 14. Bxg7 Kxg7 15. b3 Be6 16. Nd4 Rac8 17. Rac1 Rfd8 18. b4 Nc6 19.
Bxc6 bxc6 20. Nxe6+ fxe6 21. Ne4 $16 {Mandel,A-Wagner,A/BL2-S 9900/2000/}) 13.
b3 $14 (13. Ng5 $5)) 11. Rac1 (11. Rad1 Bd7 12. Qa3 Nc2 13. Qxc5 b6 14. Qg5 h6
$44) 11... Nd7 (11... Ng4 12. Bf4 Qb6 13. b3 Rac8 (13... Nxf3+ $143 14. Bxf3
Ne5 15. Bg2 Rac8 16. Nd5 Bxd5 17. cxd5 $14 Qb4 $2 18. Qxa7 c4 19. Qe3 Ng4 20.
Qf3 cxb3 21. Qxb3 Qxb3 22. axb3 Ne5 23. Rfd1 Rfd8 24. Rxc8 Rxc8 25. d6 exd6 26.
Rxd6 Nc6 27. Rd7 Nd4 28. Bxb7 {1-0,Baburin,A-Gormally,D/Port Erin/2001/}) 14.
Ng5 (14. Nxd4 $5 cxd4 15. Nd5 Bxd5 16. Bxd5 $14) 14... Bf5 15. e3 e5 16. h3 Nh6
17. exd4 exf4 18. dxc5 Qxc5 19. gxf4 Rcd8 20. Nd5 Bd7 21. Qb4 Qxb4 22. Nxb4 Nf5
23. Bxb7 Nd4 $44 {Fancsy,I-Mester,G/Budapest/1993/}) (11... Qb6 $2 {runs into}
12. Nxd4 cxd4 13. c5 $1 {The Rc1 has also active potential!} Qxc5 (13... Qxb2
14. Bxd4 Bd7 15. Qd1 $18 {[%csl Rb2,Rb7] ףb2,b7}) 14. Nd5 Qd6 15. Bf4 Qd8 16.
Nxf6+ Bxf6 17. Bxb7 Bh3 18. Bc7 Qe8 19. Bc6 Qc8 20. Rfd1 Qf5 21. Bxa8 Rxa8 22.
Qc6 Rc8 23. Rc5 Be5 24. Qb7 f6 25. Qd5+ Kf8 26. Rdc1 Qg5 27. f4 Bxf4 28. Bxf4 {
1-0,Borges Mateos,J-Sorin,A/Havana/1988/}) 12. b3 (12. Rfd1 Nb6 13. Qa3 Nxc4
14. Qxc5 Nxe3 15. fxe3 Nxf3+ 16. Bxf3 Qb6 $11 (16... Qb8 $5 $44)) 12... Qc8 {
'?!'} (12... a6 13. Ng5 Qc8 14. Bxd4 cxd4 15. Nxe6 Nb6 {Fancsy,I-Loskutov,O/
Budapest/1996/} 16. Qa5 Qxe6 17. Ne4 $16 {[%csl Rb7] ><b7}) (12... Nb6 13. Qa5
Rc8 14. Rfd1 Bg4 15. Qxa7 Ra8 16. Qxb7 Bc8 17. Qe4 Bf5 18. Qh4 Bf6 19. Bg5 $18
{Spassov,L-Rieda/Berga/1993/}) (12... Nf5 $142 $5 13. Bf4 h6 14. h4 (14. Rfd1
$142 $14) 14... Nd4 $1 15. Nxd4 cxd4 16. Nd5 Bg4 17. Rfe1 (17. f3 Nb6 $1 $132)
17... e5 18. Bd2 Re8 $13 19. c5 $2 e4 $1 20. Bf4 Ne5 $36 {Szmetan,J-Filgueira,
H/Buenos Aires/1992/}) 13. Rfd1 Nxf3+ (13... Nb6 14. Qa3 Rd8 15. Nxd4 $1 {/\}
cxd4 16. Nd5 $16 {shows another reason, why the R is useful on c1.}) (13... Nf5
14. Bf4 $14) 14. exf3 (14. Bxf3 Ne5 {gives Black tempi and <=>.}) 14... a6 (
14... Ne5 15. Nd5 (15. Qb5 $1 $36 {either wins the Pc5, or forces the N back
to d7.}) 15... Re8 16. Qa3 b6 17. b4 cxb4 18. Qxb4 Bxd5 19. Rxd5 (19. cxd5 $142
$5) 19... Qe6 (19... e6 20. Rd2 Rd8 $132) 20. Bf4 Rac8 21. Qb5 Nc6 22. Be3 Ne5
23. h3 a6 24. Qxb6 Qxb6 25. Bxb6 Nxc4 26. Ba7 Rc7 $11 {Szekely,P-Szuk,B/
HUN-chT/1997/}) 15. f4 Rb8 16. Nd5 Re8 (16... Bxd5 17. cxd5 $14 {|^} (17. Bxd5
Nb6 18. Qa3 Nxd5 19. cxd5 b6 $13)) 17. b4 {'!'} Bxd5 (17... Bf5 18. Rd2 $14 (
18. bxc5 $5 Bb2 19. Qb4 Bxc1 20. Rxc1 $44)) (17... cxb4 18. Qxb4 $16) 18. Bxd5
cxb4 (18... Nb6 $6 19. Qb3 $16) (18... e6 19. Bf3 $14 (19. Bxe6 Rxe6 20. Qxd7
cxb4 $13)) (18... b5 $2 19. cxb5 axb5 20. Qc2 c4 21. Ba7 $16) 19. c5 Nf6 20.
Bf3 Ng4 21. c6 Nxe3 (21... bxc6 $142 22. Bxc6 (22. Ba7) 22... Nxe3 (22... Rd8
23. Bd7 $18) 23. Bxe8 Qxe8 (23... Nxd1 24. Rxc8 Rxc8 25. Bxf7+ Kxf7 26. Qxd1
$16 {/+-}) 24. Qxe8+ Rxe8 25. fxe3 Bc3 $16 {/+/= causes White more technical
problems, although he should be able to convert the extra exchange.}) 22. cxb7
{'+/-' The powerful o^b7 gives White a large and stable advantage.} Qe6 (22...
Qf5 23. fxe3 Qe6 24. Qxb4 Qxe3+ 25. Kg2 $16) 23. Re1 Bc3 (23... Bd4 24. Qxb4
$16) 24. Rxe3 Qb6 (24... Qf6 25. a3 $16 {/\} Bd2 $2 26. Qxe8+ Rxe8 27. Rc8 $18)
25. Qc6 (25. Rd1 $16) 25... Qxc6 (25... Qa5 $142 $16) 26. Bxc6 Bd2 {'?'} (26...
Red8 27. Rxe7 $18 {/\} Rd2 28. Rce1) (26... Kf8 $1 {[]} 27. Bxe8 (27. Rcxc3
bxc3 28. Rxc3 Red8 29. Ra3 Rd1+ 30. Kg2 Rb1 31. Rxa6 R8xb7 $16) 27... Kxe8 28.
Rb1 $16) 27. Bxe8 Bxc1 (27... Bxe3 $2 28. fxe3 Rxe8 29. Rc8 $18) 28. Rxe7 {'+-'
} Bb2 (28... Kf8 29. Rc7 Rxb7 30. Rxb7 Kxe8 31. Rxb4 $18) 29. Bxf7+ Kg7 (29...
Kf8 30. Re8+ $1 Rxe8 31. Bxe8 $18) 30. Bd5+ Kh6 31. Rc7 Bd4 32. g4 g5 33. Be4
$1 gxf4 34. h4 $18 1-0

[Event "Athens Acropolis op"]
[Site "Athens"]
[Date "2004.11.23"]
[Round "8"]
[White "Atalik, Suat"]
[Black "Khetsuriani, Besarion"]
[Result "1-0"]
[WhiteElo "2541"]
[BlackElo "2346"]
[Annotator "Atalik,S"]
[PlyCount "61"]
[EventDate "2004.11.16"]
[EventType "swiss"]
[EventRounds "9"]
[EventCountry "GRE"]
[SourceTitle "CBM 103 Extra"]
[Source "ChessBase"]
[SourceDate "2005.01.01"]
[SourceVersion "1"]
[SourceVersionDate "2005.01.01"]
[SourceQuality "1"]

1. d4 d6 {The Georgian started to screw pieces even after the very first move.}
2. g3 $5 {I have decided to go for a change!} g6 (2... e5 3. dxe5 dxe5 4. Qxd8+
Kxd8 5. Nc3 $1 $14 {followed by f4 gives white the upperhand.}) 3. Bg2 Bg7 4.
Nf3 c5 5. O-O {I have allowed the exchange on d4.} (5. c4 cxd4 6. Nxd4 {
is the same} Qa5+ 7. Nc3 Qc5 $6 8. Ndb5 $40) (5. d5 b5 $13) 5... cxd4 6. Nxd4
Nf6 7. c4 O-O 8. Nc3 Qa5 ({I was trying to remember} 8... Nc6 $6 9. Nxc6 bxc6
10. Bxc6 Rb8 (10... Bh3 11. Bxa8 Qxa8 12. f3 Bxf1 13. Kxf1 Rc8 14. Qd3 Qb7 (
14... Qc6 15. b3 d5 16. Nxd5 Nxd5 17. cxd5 Qc2 18. Qxc2 Rxc2 19. Rb1 Rxa2 20.
Bg5 $16) 15. Rb1 Qa6 16. b3 d5 17. Nxd5 Nxd5 18. Qxd5 Qxa2 19. Qd3 $16) 11. Bg2
$5 Qa5 12. Nb5 Bb7 13. Bxb7 Rxb7 14. Bd2 Qa6 15. Bc3 Rc8 16. b3 $1 d5 17. Bxf6
Bxf6 18. Qxd5 Bxa1 19. Rxa1 Qc6 20. Qxc6 Rxc6 21. Rd1 $16 {Once I have won
such an endgame with late Lembit.}) 9. Qd2 $5 (9. e3 $5 {was Smejkal's choice.}
) 9... Qh5 $6 (9... Qc5 10. b3 Nc6 11. e3) (9... Nc6 $1 {is the real test of
the variation.} 10. Nxc6 bxc6 11. Bxc6 Rb8 12. Bg2 Be6 13. b3 Rxb3 14. axb3
Qxa1 15. Nb5 (15. Bb2 Qa5 16. Ra1 Qb4 17. Qc2 $14) 15... a6 16. Na7 (16. Bb2 $6
Ne4 17. Rxa1 Nxd2 18. Bxg7 Kxg7 19. Nd4 Rb8 $36) 16... Qb1 17. Bb2 Ne4 18. Rxb1
Nxd2 19. Bxg7 Nxb1 20. Bxf8 Kxf8 21. Nc6 Nd2 22. Na5 $16) 10. Qg5 (10. Rd1 $5 {
is of course an option but I just wanted to play the ending because of my
advantage in space.}) 10... Nbd7 {Another strange move.} (10... Qxg5 11. Bxg5
h6 12. Bd2 $16 (12. Bxf6 Bxf6 13. Rfd1 Bxd4 14. Rxd4 Nc6 15. Rd2 Be6 16. b3 $14
)) 11. Qxh5 Nxh5 12. Rd1 Nhf6 13. Rb1 $1 $16 {I have to push my pawns up and
b4 has the priority.} a6 14. b3 {To push b4 I felt like I have to wait for his
Rb8 .} (14. b4 $6 a5 15. a3 (15. bxa5 Nc5 16. Bd2 (16. Nb3 Bf5) 16... Rxa5 17.
Nd5 Rxa2 18. Nxe7+ Kh8 19. Nxc8 Rxc8 20. Bxb7 Nxb7 21. Rxb7 Rxc4 22. Bf4 $14)
15... axb4 16. axb4 Ne5 17. c5 dxc5 18. bxc5 Ra5 $1 $132) 14... Rb8 15. b4 $1 {
After a possible c5 the possibility of Bf4 will be annoying.} (15. a4 a5 16.
Bd2 $32) 15... Re8 16. h3 $1 {This will help white to play Be3.} (16. a4 Ne5
17. c5 dxc5 (17... Nc4 18. Bg5 h6 19. Bxf6 Bxf6 20. Bd5) 18. bxc5 Nfd7 19. Nb3
Nf8) 16... Bf8 17. Nb3 $6 {This was stupid! Nd4 is my best placed piece in the
game and I retreat it.} (17. Be3 e6 (17... Ne5 18. c5 Nc4 19. Bg5 $1) 18. b5 $1
$40) 17... b6 18. Bf4 Bb7 19. Nd5 {Now I have closed his bishop in but on the
other hand he finished his development.} (19. c5 $2 Bxg2 20. Kxg2 Rbc8 $17)
19... Rec8 20. Rbc1 (20. Nxf6+ Nxf6 21. c5 $2 Bxg2 22. Kxg2 e5 $17 (22... bxc5
$2 23. Nxc5 dxc5 24. Bxb8 Rxb8 25. bxc5 Rc8 26. Rdc1 $13)) 20... Nxd5 21. cxd5
Bg7 22. h4 Kf8 $1 {A good defensive move.} (22... Bb2 23. Rxc8+ Rxc8 24. Bh3
Rc7 25. Bxd7 $1 (25. Be3 $2 f5 26. g4 Nf6 27. gxf5 Nxd5) 25... Rxd7 26. Be3 Ba3
27. Bxb6 Bxb4 28. f3 f5 $14) 23. e4 Bc3 $1 {The dude started to play good
moves unexpectedly.} (23... Bb2 24. Rb1 Rc2 25. Rd2 Rxd2 26. Bxd2 Bg7 27. Rc1
Rc8 28. Rxc8+ Bxc8 $14) 24. Bh3 $6 {Here I have lost my last dim of advantage.}
(24. Nd4 Bxd4 (24... Bxb4 25. Bh3 Rxc1 26. Rxc1 Ne5 27. Rc7 $44) 25. Rxd4 Rxc1+
26. Bxc1 Rc8 27. Rd1 Rc2 28. Bh6+ Ke8 29. Rc1 Rxc1+ 30. Bxc1 $14) 24... Ke8 25.
Bd2 $2 (25. Nd4 Bxd4 26. Rxd4 Rxc1+ 27. Bxc1 Rc8 28. Be3 Rc2 29. Rd2 Rc4 30.
Rd4 $11) (25. a3 $2 {was another bad move I was considering for a long time.}
Bb2 26. Rxc8+ Rxc8 27. Bc1 Rc2 28. Bxb2 Rxb2 29. Nd4 a5 30. Rc1 axb4 31. axb4
Rxb4 32. Rc7 Nc5 33. Nc6 Rxe4 $19) 25... Bxd2 $2 {Finally he started to show
his true colors for Christ's sake!} ({After} 25... Bb2 $1 {white has to be
very careful.} 26. Rb1 (26. Rxc8+ Rxc8 27. Bc1 Bg7) 26... Rc2 27. Bxd7+ (27.
Na1 $2 Bxa1 28. Rxa1 Ne5 29. Bf4 (29. Be3 Rc4 (29... Nc4 30. Bf4) 30. f4 Rxe4
31. Bxb6 Nd7 32. Ba7 Rc8 33. a3 Rc3 34. Bf2 Nf6 35. Bf1 Nxd5 36. Bg2 f5 37.
Bxe4 fxe4) 29... Rc4 30. Bxe5 dxe5 31. f3 Bc8 (31... Rxb4 $2 32. Rac1 Kd8 33.
d6 exd6 34. Rxd6+ $40) 32. Bf1 (32. Bxc8 Rbxc8 33. a3 Rc2 $17) 32... Rxb4 33.
Rac1 Rb2 $17) (27. Be3 Ne5 28. Na1 Bxa1 29. Rxa1 Rc4 30. a3 Bc8 (30... Rxe4 31.
Bg2 Rg4 32. Bxb6 Bxd5 33. Bc7 Rc8 34. Bxd6 Bxg2 35. Bxe5 Bb7 $11) 31. Bg2 Bg4
32. Rdc1 Rbc8 33. Bf1 Nf3+ 34. Kh1 Rxc1 35. Rxc1 Rxc1 36. Bxc1 b5 $15) 27...
Kxd7 28. Be3 $132) 26. Nxd2 Rxc1 27. Rxc1 Rc8 $4 {Yes a 'A candidatemaster is
always a Candidatemaster' says Wojt and it seems that he is damn right!} (27...
Kd8 28. Bxd7 Kxd7 29. Nc4 Ba8 30. f3 $14) 28. Nc4 $1 $18 {Only now he has
realised that if he tries to make use of the pin I simply queen.} Rb8 {A sad
necessity but now his position collapses like a deck of cartes.} (28... f5 29.
exf5 b5 (29... Ne5 30. fxg6 Rxc4 31. Rxc4 Nxc4 32. gxh7 $18) 30. fxg6 $18) 29.
Bxd7+ Kxd7 30. Nxb6+ Kd8 31. a4 ({He is all tied up after his horrible blunder
on the 27th move.} 31. a4 a5 (31... Bc8 32. Rxc8+ Rxc8 33. Nxc8 Kxc8 34. a5 $18
) 32. bxa5 Ba6 33. f4 $18) 1-0

[Event "EU-ch 13th"]
[Site "Plovdiv"]
[Date "2012.03.23"]
[Round "4"]
[White "Papin, Vasily"]
[Black "Jobava, Baadur"]
[Result "0-1"]
[WhiteElo "2575"]
[BlackElo "2706"]
[Annotator "Ftacnik,L"]
[PlyCount "102"]
[EventDate "2012.03.20"]
[EventType "swiss"]
[EventRounds "11"]
[EventCountry "BUL"]
[SourceTitle "CBM 148"]
[Source "ChessBase"]
[SourceDate "2012.05.16"]
[SourceVersion "1"]
[SourceVersionDate "2012.05.16"]
[SourceQuality "1"]

1. Nf3 Nf6 2. c4 g6 3. Nc3 Bg7 4. g3 d6 5. d4 O-O 6. Bg2 c5 7. O-O Nc6 8. dxc5
dxc5 9. Be3 Qa5 10. Bd2 Qa6 {The symmetrical variation with the exchange on c5
is not a very ambitious line for White, but he is ahead by one tempo. Black
has ways to equalise, but as he is the clear favourite in the game he would
love to play for a win.} 11. Nb5 (11. b3 Bf5 12. Nh4 Bd7 13. Qc1 Nd4 14. Bh6
Bc6 15. Bxg7 Kxg7 16. Nf3 Rad8 17. Qb2 Kg8 18. Rfe1 Bxf3 19. Bxf3 Nxf3+ 20.
exf3 Rd7 21. Rad1 Rfd8 22. Rxd7 Rxd7 23. Re5 {1/2 (25) Szekely,P (2420)
-Chiburdanidze,M (2520) Moscow 1989}) 11... Qb6 12. Bf4 Rd8 (12... Ne8 13. Qc1
Na5 14. Be5 f6 15. Bf4 Be6 16. b3 Nc6 17. Nc3 Qa5 18. Na4 Nd6 19. Bd2 Qc7 20.
Nxc5 $14 {1-0 (41) Flores Alvarez,R-Humerez Estrada,C Mar del Plata 1962}) 13.
Qc1 Ne8 {Jobava was willing to play the knight to a passive square, as now
White lacks any way to advance his slight initiative.} 14. Nd2 Be6 15. Nc3 (15.
Rb1 Rac8 16. Re1 Rd7 $15) (15. Re1 Na5 16. Nc3 Nd6 17. b3 Nc6 $15) 15... Nd6
16. Rb1 {Papin must have been tempted to take advantage of his golden chance
of moving with the knight to the d5-square. Black would have to play very
forcefully in order to prove, that his growing initiative can be used to get
better chances.} (16. Bxd6 Rxd6 17. Nd5 Bxb2 $1 (17... Qd8 18. Ne4 Bxd5 19.
cxd5 Rxd5 20. Nxc5 Nd4 21. Nxb7 Nxe2+ 22. Kh1 Qb6 23. Qc2 Nd4 24. Qc4 $11) 18.
Nxb6 Bxc1 19. Nxa8 Bxd2 20. Rab1 Bxc4 21. Rxb7 Bxe2 22. Ra1 c4 $15) (16. b3 $2
Qa5 $17) 16... Nxc4 17. Nxc4 (17. Nde4 Qa5 $17) 17... Bxc4 18. b3 Ba6 {Black
must have been tempted by both retreats of the bishop, but the a6-square
leaves him to fire along the vulnerable a6-f1 diagonal.} (18... Be6 19. Na4 (
19. Bh6 Bh8 20. Re1 Qa6 21. Na4 Nd4 22. Qxc5 Bf6 $17) 19... Qb5 20. Bxc6 Qxc6
21. Qxc5 Qe4 22. Qe3 Qc2 $17) 19. Na4 Qb5 20. Qxc5 (20. Re1 Nd4 $17) (20. Nxc5
Nd4 21. Qc4 Nxe2+ 22. Kh1 Qxc4 23. bxc4 Bxc4 24. Bxb7 Nxf4 25. Bxa8 Rxa8 26.
gxf4 Bxf1 $17) 20... Qxe2 {The queen is not always happy to serve as the
forward fighting unit. In this case its mobility clearly helps to maximise the
damage.} 21. Rfe1 (21. Nc3 Qg4 22. Bxc6 bxc6 23. Rfe1 Bd3 $17) 21... Qxa2 22.
Nc3 Qc2 {The best players nurture a healthy aversion to the antipositional
exchanges of bishops for knights. It goes so far that they sometimes hesitate
to admit that the position offers a perfect case of an exception to the rule.}
(22... Bxc3 $1 23. Qxc3 Nd4 24. Qb2 Qxb2 25. Rxb2 Rac8 26. Rxe7 Ne6 27. h4 Kf8
28. Rxe6 fxe6 $17) 23. Na4 (23. Rec1 Bd4 $17) 23... Bd3 (23... Qa2 24. Nc3 Bxc3
$17) 24. Qxc2 Bxc2 25. Rbc1 {[%mdl 2048] White has suffered unpleasant
material losses, but for the first time in the middlegame his pieces have
become ideally coordinated.} Nd4 (25... Bxb3 26. Nc5 Nd4 27. Nxb7 $15) 26. Bxb7
Bxb3 27. Nc5 $1 (27. Bxa8 Rxa8 28. Nc5 Nf3+ $17) 27... Bd5 {Jobava must have
been quite annoyed by the fact, that there is no obvious way to get a distinct
advantage.} (27... e5 28. Bg5 f6 29. Nxb3 Nxb3 30. Rc3 Nd4 31. Bxa8 Rxa8 32.
Bd2 $11) (27... Bc2 28. Kg2 Rac8 29. Bxc8 Rxc8 $15) 28. Bxa8 (28. Rxe7 $2 Bf8
29. Rc7 Ne2+ 30. Kf1 Nxc1 31. Bxa8 Bc4+ 32. Kg2 Rxa8 33. Nd7 Bb5 34. Nxf8 Nd3
35. Bh6 a5 $17) 28... Nf3+ 29. Kf1 Nxh2+ 30. Kg1 {Papin is still demonstrating
remarkable mental discipline. The king stays in the corner as its
centralisation would only offer additional chances for the aggressor.} (30. Ke2
$6 Bxa8 31. Nd3 Be4 32. Ne5 g5 33. Red1 Re8 $17) 30... Nf3+ 31. Kf1 Rxa8 32.
Rxe7 a5 33. Na4 {Chances are in dynamic balance as the white pieces could
become quite active.} (33. Nd7 Be6 34. Kg2 Nd4 35. Nb6 Rf8 36. Bd6 $11) 33...
Bf6 34. Rec7 (34. Nb6 Bxe7 35. Nxa8 g5 36. Be3 $11) 34... Be6 35. Rb7 $2 {
The difficult defence is taking its toll on White's nerves. The approaching
time trouble is complicating his task of finding sound counterplay.} (35. Kg2
$1 Nd4 36. Nb6 Rd8 37. Ra7 h5 $11) 35... Bh3+ 36. Ke2 Nd4+ 37. Kd2 (37. Kd3
Bf5+ 38. Kc4 Ne2 $17) 37... Rd8 38. Bc7 $6 {White was certainly not hoping for
this centralised king position under the fire of all the black pieces. It is
no wonder that he fails to solve the problem to his satisfaction.} (38. Ke1
Re8+ 39. Be3 (39. Kd2 Bf5 40. Be3 Rd8 41. Ke1 Nc2+ 42. Ke2 Nxe3 43. fxe3 Be5
$17) 39... Nf5 40. Kd2 Nxe3 41. fxe3 Be5 42. Nb6 (42. Rg1 Rd8+ 43. Kc1 Rd3 $17)
42... Bxg3 $17) 38... Nb3+ $1 39. Kc2 (39. Ke1 Re8+ 40. Kd1 Nxc1 $19) 39...
Rd2+ 40. Kxb3 (40. Kb1 Bf5+ $19) 40... Be6+ {The temporary sacrifice of the
rook was very short lived. White will have to return the bounty in order to
continue the desperate resistance.} 41. Rc4 (41. Ka3 $2 Ra2#) 41... Rd3+ 42.
Kc2 Bxc4 43. Bxa5 Rf3 44. Be1 h5 45. Nb2 (45. Rb4 Bd3+ 46. Kd1 Bf5 47. Nc5 Be7
48. Rb5 Bg4 49. Kc2 g5 $17) 45... Be6 {Black's bishop pair is a scary factor
for the poorly coordinated white forces.} 46. Kd2 g5 (46... Ra3 47. Nd1 g5 $19)
47. Ke2 Ra3 48. Bd2 (48. Nd3 Bc4 49. Rd7 h4 50. gxh4 gxh4 51. f3 h3 52. Bg3 h2
53. Bxh2 Ra2+ 54. Ke3 Rxh2 $19) 48... Bg4+ $1 49. Kf1 Ra1+ 50. Kg2 Rb1 51. Rb6
Rxb2 (51... Rxb2 52. Rxf6 Rxd2 $19) 0-1